|
|
|
|
| LEADER |
01155nab a2200361 i 4500 |
| 001 |
misc4605 |
| 005 |
20191106142959.0 |
| 008 |
170607s1927 hu o 0|| hun d |
| 040 |
|
|
|a SZTE Miscellanea Repozitórium
|b hun
|
| 041 |
|
|
|a hun
|
| 100 |
1 |
|
|a Király Ferenc
|
| 245 |
1 |
0 |
|a Bevezető
|h [elektronikus dokumentum] /
|c Király Ferenc
|
| 260 |
|
|
|c 1927
|
| 300 |
|
|
|a 3-28c
|
| 490 |
0 |
|
|a Polgári jog : a hazai és külföldi magánjog és hiteljog szemléje
|v 3
|
| 695 |
|
|
|a Ügyvédség
|
| 700 |
0 |
1 |
|a Balkányi Kálmán
|e aut
|
| 700 |
0 |
2 |
|a Belatini Belatiny Arthur
|e aut
|
| 700 |
0 |
2 |
|a Benedek Sándor
|e aut
|
| 700 |
0 |
2 |
|a Dési Géza
|e aut
|
| 700 |
0 |
2 |
|a Fenyő Miksa
|e aut
|
| 700 |
0 |
2 |
|a Glücksthal Samu
|e aut
|
| 700 |
0 |
2 |
|a Györki Imre
|e aut
|
| 700 |
0 |
2 |
|a Holitscher Szigfrid
|e aut
|
| 700 |
0 |
2 |
|a Kozma Jenő
|e aut
|
| 700 |
0 |
2 |
|a Pap József
|e aut
|
| 700 |
0 |
2 |
|a Rákosi Jenő
|e aut
|
| 700 |
0 |
2 |
|a Ripka Ferenc
|e aut
|
| 700 |
0 |
2 |
|a Schuster Rudolf
|e aut
|
| 700 |
0 |
2 |
|a Szterényi József
|e aut
|
| 700 |
0 |
2 |
|a Thury Zoltán
|e aut
|
| 700 |
0 |
2 |
|a Végh Károly
|e aut
|
| 856 |
4 |
0 |
|u http://misc.bibl.u-szeged.hu/4605/1/polgari_jog_1927_003-028c.pdf
|z Dokumentum-elérés
|